[Event "Ïåðâåíñòâà Ìîñêâû"]
[Site "ÐœÐ¾Ñ�ÐºÐ²Ð°, ÐœÐ“Ð˜ÐœÐž Ð¿Ñ€."]
[Date "2018.11.18"]
[Round "1.1"]
[White "Ìàêàðÿí Ð"]
[Black "Ìîðîçîâ Â"]
[Result "1-0"]
[WhiteElo "2354"]
[BlackElo "1804"]
[PlyCount "57"]
[EventDate "2018.11.18"]

1. e4 c5 2. c3 d5 3. exd5 Qxd5 4. d4 e6 5. Nf3 Nc6 6. Be3 cxd4 7. cxd4 Nf6 8.
Nc3 Bb4 9. Bd3 O-O 10. O-O Qa5 11. Ne4 Be7 12. Ng3 b6 13. a3 Bb7 14. Bc4 b5 15.
b4 Qa6 16. Bd3 Nd5 17. Qe2 Qb6 18. Ne4 a5 19. Nc5 Rfd8 20. Bg5 Bxg5 21. Nxg5
Nf6 22. Qf3 Rd5 23. Bxh7+ Nxh7 24. Qxf7+ Kh8 25. Ngxe6 Rg8 26. Qxb7 Qxb7 27.
Nxb7 axb4 28. Nf4 Rg5 29. d5 1-0

[Event "Ïåðâåíñòâà Ìîñêâû"]
[Site "ÐœÐ¾Ñ�ÐºÐ²Ð°, ÐœÐ“Ð˜ÐœÐž Ð¿Ñ€."]
[Date "2018.11.18"]
[Round "1.2"]
[White "Çàêèðîâ À"]
[Black "Ïåðîâ Ã"]
[Result "0-1"]
[WhiteElo "1747"]
[BlackElo "2187"]
[PlyCount "98"]
[EventDate "2018.11.18"]

1. e4 Nf6 2. e5 Nd5 3. d4 d6 4. c4 Nb6 5. exd6 exd6 6. Nc3 Be7 7. Be2 O-O 8.
Nf3 Bg4 9. O-O Nc6 10. b3 Bf6 11. Be3 Re8 12. Rc1 d5 13. Ne1 Bxe2 14. Nxe2 Qd7
15. c5 Nc8 16. Nf3 N8e7 17. Bg5 Bxg5 18. Nxg5 Nf5 19. Nf3 Re4 20. Ng3 Nxg3 21.
hxg3 Rae8 22. Qd3 f6 23. Rfe1 Qf7 24. Rcd1 Kf8 25. Qc3 Qh5 26. b4 Qg4 27. b5
Rxe1+ 28. Rxe1 Rxe1+ 29. Qxe1 Nxd4 30. c6 Nxf3+ 31. gxf3 Qc8 32. Qb4+ Kf7 33.
Qa5 bxc6 34. bxc6 Qd8 35. Qxa7 d4 36. Qa5 d3 37. Qd2 Qd5 38. a4 Qxf3 39. Qa2+
Kg6 40. Qc4 h5 41. a5 Qf5 42. Kf1 d2 43. Ke2 Qxa5 44. Qd3+ Qf5 45. Qxd2 Qe4+
46. Kf1 Qh1+ 47. Ke2 Qxc6 48. Qd3+ Kf7 49. Qh7 Qd5 0-1

[Event "Ïåðâåíñòâà Ìîñêâû"]
[Site "ÐœÐ¾Ñ�ÐºÐ²Ð°, ÐœÐ“Ð˜ÐœÐž Ð¿Ñ€."]
[Date "2018.11.18"]
[Round "1.3"]
[White "Êðåòîâ Ë"]
[Black "Ëóòàí Ã"]
[Result "1-0"]
[WhiteElo "2152"]
[BlackElo "1762"]
[PlyCount "69"]
[EventDate "2018.11.18"]

1. d4 Nf6 2. c4 e6 3. Nf3 Bb4+ 4. Bd2 Qe7 5. Nc3 O-O 6. g3 Nc6 7. a3 Bxc3 8.
Bxc3 d6 9. Bg2 Re8 10. Qc2 a5 11. b3 Bd7 12. O-O g6 13. e4 e5 14. d5 Nb8 15.
Nd2 Nh5 16. Bb2 Na6 17. Rae1 Nc5 18. Qc3 b6 19. f4 f6 20. f5 gxf5 21. exf5 Qg7
22. Bc1 Rf8 23. b4 axb4 24. axb4 Nb7 25. Ne4 Ra2 26. Bf3 Nf4 27. Kh1 Nh3 28.
Bg2 Ng5 29. Bxg5 fxg5 30. Qb3 Raa8 31. g4 h6 32. Ra1 Kf7 33. c5 Bb5 34. Rfc1
Bd3 35. Qxd3 1-0

[Event "Ïåðâåíñòâà Ìîñêâû"]
[Site "ÐœÐ¾Ñ�ÐºÐ²Ð°, ÐœÐ“Ð˜ÐœÐž Ð¿Ñ€."]
[Date "2018.11.18"]
[Round "1.4"]
[White "Èâëåà À"]
[Black "Æóêîâ À"]
[Result "0-1"]
[WhiteElo "1748"]
[BlackElo "2151"]
[PlyCount "56"]
[EventDate "2018.11.18"]

1. d4 Nf6 2. Nf3 g6 3. Bf4 Bg7 4. e3 d6 5. h3 O-O 6. Be2 b6 7. O-O Bb7 8. c3
Nbd7 9. Nbd2 Re8 10. Nc4 c5 11. Re1 b5 12. Na3 a6 13. c4 b4 14. Nc2 Qb6 15. b3
Ne4 16. Bf1 Rad8 17. Qd3 Nc3 18. d5 e5 19. dxe6 Ne5 20. exf7+ Kxf7 21. Ng5+ Kg8
22. Qd2 h6 23. Bd3 hxg5 24. Bxg5 Rd7 25. f4 Nxd3 26. Qxd3 Qc6 27. e4 Rxe4 28.
Ne3 Rxe3 0-1

[Event "Ïåðâåíñòâà Ìîñêâû"]
[Site "ÐœÐ¾Ñ�ÐºÐ²Ð°, ÐœÐ“Ð˜ÐœÐž Ð¿Ñ€."]
[Date "2018.11.18"]
[Round "1.5"]
[White "Øàòóíîâ Ë"]
[Black "Ãàâðèëîâ Â"]
[Result "1-0"]
[WhiteElo "1967"]
[BlackElo "1746"]
[PlyCount "77"]
[EventDate "2018.11.18"]

1. d4 Nf6 2. Bf4 g6 3. e3 Bg7 4. Be2 d6 5. h3 Nbd7 6. Nf3 b6 7. O-O Bb7 8. c3
O-O 9. Nbd2 c5 10. Re1 Rc8 11. a4 a6 12. Bf1 cxd4 13. exd4 d5 14. Bd3 e6 15.
Qe2 Ra8 16. Nb3 Re8 17. a5 b5 18. Ne5 Rc8 19. Qe3 Qe7 20. Bg5 Ba8 21. Qf3 Qf8
22. Bxf6 Nxf6 23. Nc5 Qd6 24. b4 Rc7 25. g4 Bb7 26. Rac1 Bc8 27. h4 Ree7 28. h5
Nd7 29. Ncxd7 Bxd7 30. hxg6 fxg6 31. Kg2 Bh6 32. Bxg6 hxg6 33. Rh1 Bg7 34. Nxg6
e5 35. Rh8+ Bxh8 36. Qf8+ Kh7 37. Rh1+ Kxg6 38. Rh6+ Kg5 39. Rxd6 1-0

[Event "Ïåðâåíñòâà Ìîñêâû"]
[Site "ÐœÐ¾Ñ�ÐºÐ²Ð°, ÐœÐ“Ð˜ÐœÐž Ð¿Ñ€."]
[Date "2018.11.18"]
[Round "1.6"]
[White "Øàðàïîâ Ì"]
[Black "Áåëèêîâ Ñ"]
[Result "1/2-1/2"]
[WhiteElo "1628"]
[BlackElo "1959"]
[PlyCount "52"]
[EventDate "2018.11.18"]

1. d4 Nf6 2. Nf3 g6 3. Bf4 Bg7 4. e3 O-O 5. h3 d6 6. Be2 c5 7. c3 Nbd7 8. O-O
b6 9. a4 Bb7 10. Na3 Rc8 11. Nc4 cxd4 12. exd4 Bxf3 13. gxf3 Nh5 14. Bg3 d5 15.
Ne3 e5 16. Nxd5 exd4 17. f4 dxc3 18. bxc3 Nxg3 19. fxg3 Nf6 20. Nxf6+ Qxf6 21.
Rc1 Rxc3 22. Rxc3 Qxc3 23. Rf3 Qc5+ 24. Kg2 Re8 25. Bb5 Rc8 26. Rd3 Bf6 {
çàïèñü íå ÿñíà} 1/2-1/2

[Event "Ïåðâåíñòâà Ìîñêâû"]
[Site "ÐœÐ¾Ñ�ÐºÐ²Ð°, ÐœÐ“Ð˜ÐœÐž Ð¿Ñ€."]
[Date "2018.11.18"]
[Round "1.7"]
[White "Ëóêüÿíåíêî À"]
[Black "Èâàíîâ "]
[Result "1-0"]
[WhiteElo "1921"]
[BlackElo "1670"]
[PlyCount "38"]
[EventDate "2018.11.18"]

1. d4 c5 2. d5 e5 3. e4 d6 4. Nc3 Be7 5. Bb5+ Bd7 6. a4 Nf6 7. Nf3 Bxb5 8. axb5
Nbd7 9. O-O O-O 10. Qe2 Nb6 11. h3 h6 12. Be3 Nfd7 13. Nd2 Bg5 14. Ra3 Bxe3 15.
Qxe3 f5 16. exf5 Rxf5 17. Qg3 Rf7 18. Nce4 Qe7 19. Rfa1 Nc8 {çàïèñü íå ÿñíà}
1-0

[Event "Ïåðâåíñòâà Ìîñêâû"]
[Site "ÐœÐ¾Ñ�ÐºÐ²Ð°, ÐœÐ“Ð˜ÐœÐž Ð¿Ñ€."]
[Date "2018.11.18"]
[Round "1.8"]
[White "Äðîáèí Ì "]
[Black "Áóíèòÿí Ä"]
[Result "0-1"]
[WhiteElo "1596"]
[BlackElo "1827"]
[PlyCount "88"]
[EventDate "2018.11.18"]

1. e4 c5 2. Nf3 d6 3. d4 cxd4 4. Nxd4 Nf6 5. Nc3 a6 6. Be3 e5 7. Nb3 Be6 8. f3
Be7 9. Qd2 O-O 10. O-O-O Nbd7 11. g4 b5 12. a3 Nb6 13. g5 Nh5 14. Na5 Rc8 15.
Bxb6 Qxb6 16. Nd5 Bxd5 17. exd5 Nf4 18. h4 Nxd5 19. Qxd5 Qxa5 20. Bd3 Rc5 21.
Qe4 g6 22. Qg4 Rb8 23. Qb4 Qb6 24. h5 d5 25. Qg4 e4 26. hxg6 exd3 27. gxh7+ Kh8
28. Qd4+ f6 29. Rxd3 Rbc8 30. c3 a5 31. Rh6 R8c6 32. g6 Bf8 33. Rh1 Bg7 34. Qe3
Rc8 35. Rhd1 Qd8 36. R1d2 Qf8 37. Rh2 d4 38. Qxd4 f5 39. Qd7 b4 40. Re2 bxc3
41. b4 R5c7 42. Qa4 c2 43. f4 Bb2+ 44. Kxb2 c1=Q+ 0-1

[Event "Ïåðâåíñòâà Ìîñêâû"]
[Site "ÐœÐ¾Ñ�ÐºÐ²Ð°, ÐœÐ“Ð˜ÐœÐž Ð¿Ñ€."]
[Date "2018.11.18"]
[Round "1.9"]
[White "Ïàê Í"]
[Black "Êóæåëåâ Ò"]
[Result "1-0"]
[WhiteElo "1916"]
[BlackElo "1595"]
[PlyCount "114"]
[EventDate "2018.11.18"]

1. b3 Nf6 2. Bb2 g6 3. d3 Bg7 4. Nd2 O-O 5. g3 d5 6. Bg2 e6 7. Ngf3 c5 8. O-O
Nc6 9. c4 Qc7 10. Rc1 d4 11. Re1 e5 12. Ba3 Qa5 13. Nb1 Bh6 14. Rc2 Re8 15. e3
dxe3 16. fxe3 Ng4 17. Bc1 Nb4 18. Rce2 Rd8 19. Bd2 Qb6 20. d4 e4 21. dxc5 Qxc5
22. Bxb4 Bxe3+ 23. Kf1 Rxd1 24. Bxc5 Rxe1+ 25. Kxe1 Bxc5 26. Ng5 f5 27. h3 Ne5
28. h4 h6 29. Nh3 Nd3+ 30. Kf1 Be6 31. Nf4 Nxf4 32. gxf4 Bd6 33. Nc3 Bxf4 34.
Nxe4 Bf7 35. Nc5 Re8 36. Rxe8+ Bxe8 37. Nxb7 Bg3 38. c5 Bb5+ 39. Kg1 Kf7 40. a4
Bd3 41. c6 Be5 42. b4 Ba6 43. Na5 Bc7 44. Nb3 Bc4 45. Nc5 Bb6 46. Kh1 Bxc5 47.
c7 Ba6 48. bxc5 Ke6 49. Bc6 Bc8 50. Kg2 Ke5 51. Be8 g5 52. hxg5 hxg5 53. Kf3
Kd4 54. c6 Kc5 55. Bd7 f4 56. Kg4 Kd6 57. Bxc8 Kxc7 1-0

[Event "Ïåðâåíñòâà Ìîñêâû"]
[Site "ÐœÐ¾Ñ�ÐºÐ²Ð°, ÐœÐ“Ð˜ÐœÐž Ð¿Ñ€."]
[Date "2018.11.18"]
[Round "1.10"]
[White "Êóðêèí À"]
[Black "Âåòîõèí Ñ"]
[Result "1-0"]
[WhiteElo "1556"]
[BlackElo "1874"]
[PlyCount "63"]
[EventDate "2018.11.18"]

1. e4 c5 2. c4 Nc6 3. Nc3 g6 4. g3 Bg7 5. Bg2 d6 6. d3 e6 7. Nge2 Nge7 8. O-O
O-O 9. a3 Nd4 10. Rb1 a6 11. b4 Nec6 12. f4 Rb8 13. Be3 Bd7 14. bxc5 dxc5 15.
e5 Qa5 16. Qc1 Rfd8 17. Bxd4 cxd4 18. Ne4 Be8 19. Nd6 Rxd6 20. exd6 Qc5 21. g4
Qxd6 22. Ng3 Bf8 23. Ne4 Qd8 24. f5 exf5 25. gxf5 Bg7 26. Nc5 Qe7 27. Ne4 Qd8
28. fxg6 hxg6 29. Qf4 f5 30. Nc5 Be5 31. Qh6 Ne7 32. Ne6 1-0

[Event "Ïåðâåíñòâà Ìîñêâû"]
[Site "ÐœÐ¾Ñ�ÐºÐ²Ð°, ÐœÐ“Ð˜ÐœÐž Ð¿Ñ€."]
[Date "2018.11.18"]
[Round "1.11"]
[White "Áåëþãà Ì"]
[Black "Ìåòåëêèí Ç"]
[Result "1-0"]
[WhiteElo "1908"]
[BlackElo "1436"]
[PlyCount "79"]
[EventDate "2018.11.18"]

1. Nf3 Nf6 2. d4 g6 3. g3 Bg7 4. Bg2 O-O 5. O-O d5 6. c4 c6 7. Nc3 dxc4 8. e4
Nbd7 9. Qe2 b5 10. Bf4 Bb7 11. Rad1 Nb6 12. Ne5 a6 13. a3 e6 14. h3 Qe7 15. Qe3
Nbd7 16. Bg5 Rfd8 17. Nxd7 Qxd7 18. e5 Nd5 19. Nxd5 cxd5 20. Bxd8 Qxd8 21. f4
a5 22. g4 Bc8 23. Rc1 a4 24. Qf2 Bd7 25. h4 h6 26. Bh3 Be8 27. f5 Ra7 28. Rc3
Bc6 29. Rf3 Qe8 30. fxe6 fxe6 31. g5 h5 32. Qc2 Rb7 33. Rf6 Bxf6 34. Rxf6 Re7
35. Rxg6+ Kh8 36. Rh6+ Kg8 37. Bxe6+ Rxe6 38. Qh7+ Kf8 39. g6 Rf6 40. g7+ 1-0

[Event "Ïåðâåíñòâà Ìîñêâû"]
[Site "ÐœÐ¾Ñ�ÐºÐ²Ð°, ÐœÐ“Ð˜ÐœÐž Ð¿Ñ€."]
[Date "2018.11.18"]
[Round "1.12"]
[White "Àêîïÿí Ã"]
[Black "Ãîöþê Ä"]
[Result "1/2-1/2"]
[WhiteElo "1524"]
[BlackElo "1895"]
[PlyCount "89"]
[EventDate "2018.11.18"]

1. e4 d5 2. exd5 Qxd5 3. Nc3 Qa5 4. d4 Nf6 5. Bc4 Bg4 6. f3 Bf5 7. Nge2 c6 8.
O-O e6 9. Bf4 Be7 10. Bd3 Bxd3 11. Qxd3 O-O 12. Ng3 Nd5 13. Nxd5 cxd5 14. Bxb8
Raxb8 15. Ne2 b5 16. a3 Rfc8 17. c3 Qc7 18. b4 a5 19. g3 Qc4 20. Qxc4 Rxc4 21.
Kf2 Bd6 22. Rfd1 f6 23. Rd3 Ra8 24. Rdd1 Kf7 25. Rac1 Rc7 26. f4 h6 27. Kf3 g5
28. Ra1 Rca7 29. Rac1 axb4 30. axb4 Ra3 31. Kf2 Ra2 32. fxg5 hxg5 33. Ke3 Rh8
34. Ra1 Rha8 35. Rxa2 Rxa2 36. h3 Ra3 37. Kf2 Ra2 38. Ke3 f5 39. h4 Ra3 40. Kf2
f4 41. gxf4 gxh4 42. Rh1 Be7 43. Kg2 Kg6 44. Kf3 Kf7 45. Kg2 1/2-1/2

[Event "Ïåðâåíñòâà Ìîñêâû"]
[Site "ÐœÐ¾Ñ�ÐºÐ²Ð°, ÐœÐ“Ð˜ÐœÐž Ð¿Ñ€."]
[Date "2018.11.18"]
[Round "1.13"]
[White "Ïëàñêèí È"]
[Black "Íèêóëüøèí À"]
[Result "1-0"]
[WhiteElo "1893"]
[BlackElo "1647"]
[PlyCount "79"]
[EventDate "2018.11.18"]

1. e4 e6 2. d4 d5 3. Nd2 dxe4 4. Nxe4 Nd7 5. Nf3 Ngf6 6. Bd3 Be7 7. Qe2 b6 8.
Bg5 Bb7 9. O-O-O Nxe4 10. Bxe7 Nc3 11. Bxd8 Nxe2+ 12. Bxe2 Rxd8 13. Nh4 Nf6 14.
Bf3 Bxf3 15. Nxf3 Ke7 16. Rhe1 c6 17. Ne5 Rc8 18. Re3 Rhd8 19. Ra3 Rc7 20. Rxa7
Rxa7 21. Nxc6+ Kd7 22. Nxa7 Ra8 23. Nb5 Rxa2 24. Nc3 Ra5 25. f3 Nd5 26. Nxd5
Rxd5 27. c4 Rh5 28. h3 Rh4 29. Kc2 Kc6 30. Kc3 Rh5 31. b4 b5 32. c5 Rd5 33. Ra1
Rd8 34. Ra6+ Kc7 35. Ra7+ Kc6 36. Rxf7 Rg8 37. Re7 Kd5 38. Rd7+ Kc6 39. Rd6+
Kc7 40. Rxe6 1-0

[Event "Ïåðâåíñòâà Ìîñêâû"]
[Site "ÐœÐ¾Ñ�ÐºÐ²Ð°, ÐœÐ“Ð˜ÐœÐž Ð¿Ñ€."]
[Date "2018.11.18"]
[Round "1.16"]
[White "Ñàóðè Ã"]
[Black "Îðëîâ À"]
[Result "1/2-1/2"]
[WhiteElo "1442"]
[BlackElo "1872"]
[PlyCount "97"]
[EventDate "2018.11.18"]

1. e4 e5 2. Nf3 Nf6 3. Nc3 Nc6 4. Bc4 Nxe4 5. Nxe4 d5 6. Bxd5 Qxd5 7. Nc3 Qd8
8. d3 Bg4 9. h3 Bh5 10. g4 Bg6 11. Bg5 f6 12. Be3 Qd7 13. a3 O-O-O 14. Qd2 h5
15. Nh4 Be8 16. O-O-O hxg4 17. hxg4 Qxg4 18. f3 Qe6 19. Qf2 a6 20. Rhe1 Qf7 21.
Ng2 Bd7 22. d4 exd4 23. Bxd4 Rh2 24. Qg1 Nxd4 25. Qxd4 Kb8 26. Qg1 Rh8 27. Rd5
Bd6 28. Red1 Bc6 29. R5d3 Rde8 30. Nd5 Rh5 31. Nc3 Rg5 32. Qf2 Qg6 33. Nh4 Qf7
34. f4 Rh5 35. f5 Rg5 36. Nd5 Bxd5 37. Rxd5 Re5 38. Rxe5 fxe5 39. Qe3 Rg4 40.
Qf2 Qa2 41. c3 Qc4 42. Ng6 Qe4 43. Re1 Rg2 44. Rxe4 Rxf2 45. Nh4 Be7 46. Ng6
Bf6 47. Nxe5 Bg5+ 48. Kb1 Rxf5 49. Nd7+ {çàïèñü íå ÿñíà} 1/2-1/2

[Event "Ïåðâåíñòâà Ìîñêâû"]
[Site "ÐœÐ¾Ñ�ÐºÐ²Ð°, ÐœÐ“Ð˜ÐœÐž Ð¿Ñ€."]
[Date "2018.11.18"]
[Round "1.17"]
[White "Ãîðíîñòàåâ ß"]
[Black "Ãîëèöûí Ã"]
[Result "1/2-1/2"]
[WhiteElo "1831"]
[BlackElo "1283"]
[PlyCount "60"]
[EventDate "2018.11.18"]

1. e4 e6 2. d4 d5 3. Nc3 Bb4 4. e5 Ne7 5. a3 Ba5 6. b4 Bb6 7. Na4 Nbc6 8. Bb2
Nf5 9. Nf3 Bd7 10. Nxb6 axb6 11. Bd3 Nh4 12. O-O Nxf3+ 13. Qxf3 Qh4 14. Qe3 O-O
15. f4 Ne7 16. Rf3 Nf5 17. Qd2 g6 18. Rh3 Qe7 19. Qf2 Rfc8 20. g4 Ng7 21. Qg2
f5 22. g5 c5 23. bxc5 bxc5 24. Rh6 Nh5 25. Rf1 Be8 26. Be2 cxd4 27. Bxh5 gxh5
28. g6 Bxg6 29. Rxh5 Rxc2 30. Qxc2 Bxh5 {çàïèñü íå ÿñíà} 1/2-1/2

[Event "Ïåðâåíñòâà Ìîñêâû"]
[Site "ÐœÐ¾Ñ�ÐºÐ²Ð°, ÐœÐ“Ð˜ÐœÐž Ð¿Ñ€."]
[Date "2018.11.18"]
[Round "1.18"]
[White "Ïàâëîâ È"]
[Black "Êîæóõîâ À"]
[Result "1-0"]
[WhiteElo "1511"]
[BlackElo "1745"]
[PlyCount "46"]
[EventDate "2018.11.18"]

1. e4 c5 2. c3 d5 3. e5 Bf5 4. d4 e6 5. Bd3 Bxd3 6. Qxd3 Qb6 7. Nf3 Nc6 8. a3
Nge7 9. b4 cxd4 10. cxd4 Nf5 11. Bb2 Be7 12. Nbd2 O-O 13. O-O Rac8 14. Nb3 Rc7
15. Rfc1 Rfc8 16. Nc5 a6 17. Rc2 Qa7 18. Rac1 h5 19. Nd2 a5 20. Bc3 b6 21. Ncb3
axb4 22. axb4 Nb8 23. Bb2 Rc4 {çàïèñü íå ÿñíà} 1-0

[Event "Ïåðâåíñòâà Ìîñêâû"]
[Site "ÐœÐ¾Ñ�ÐºÐ²Ð°, ÐœÐ“Ð˜ÐœÐž Ð¿Ñ€."]
[Date "2018.11.18"]
[Round "1.19"]
[White "Øëûêîâ ß "]
[Black "Ìîðîçîâ Ô"]
[Result "1/2-1/2"]
[WhiteElo "1826"]
[BlackElo "1490"]
[PlyCount "46"]
[EventDate "2018.11.18"]

1. e4 e6 2. Nc3 d5 3. d3 dxe4 4. Nxe4 Nf6 5. Bf4 Be7 6. Nf3 b6 7. Be2 Bb7 8.
Nxf6+ Bxf6 9. c3 O-O 10. d4 Nd7 11. O-O c5 12. Be3 Qc7 13. Qc2 Qc6 14. Rfd1
Rfd8 15. Bf1 h6 16. Rac1 Qe4 17. Bd3 Qc6 18. Bf1 Qe4 19. Bd3 Qc6 20. Bf1 Qe4
21. Bd3 Qc6 22. Bf1 Qe4 23. Bd3 Qc6 1/2-1/2

[Event "Ïåðâåíñòâî Ìîñêâû"]
[Site "ÐœÐ¾Ñ�ÐºÐ²Ð°, ÐœÐ“Ð˜ÐœÐž Ð¿Ñ€."]
[Date "2018.11.19"]
[Round "2.1"]
[White "Ïàê "]
[Black "Ìàêàðÿí "]
[Result "1/2-1/2"]
[WhiteElo "1916"]
[BlackElo "2354"]
[PlyCount "136"]
[EventDate "2018.11.18"]

1. e4 d6 2. d4 Nf6 3. Nc3 Nbd7 4. g3 e5 5. Nge2 Be7 6. Bg2 O-O 7. O-O c6 8. b3
b5 9. Kh1 Bb7 10. h3 Re8 11. g4 b4 12. Na4 exd4 13. g5 Nh5 14. Nxd4 g6 15. Nf5
Bxg5 16. Bxg5 Qxg5 17. Nxd6 Nf4 18. Qg4 Qxg4 19. hxg4 Ba6 20. Nxe8 Bxf1 21.
Bxf1 Rxe8 22. Rd1 Ne5 23. Kh2 g5 24. Kg3 Kf8 25. Nc5 Ke7 26. Na6 c5 27. Bb5 Rh8
28. Nc7 h5 29. Nd5+ Nxd5 30. Rxd5 h4+ 31. Kh3 f6 32. Rxc5 Rd8 33. Rc7+ Kf8 34.
Bd3 Rd7 35. Rc8+ Ke7 36. Rb8 Rd4 37. Rb7+ Kd6 38. Rxa7 Nxd3 39. cxd3 Rxd3+ 40.
Kg2 Ke5 41. Rb7 Rd4 42. Rb5+ Kxe4 43. Rf5 Rd6 44. Rb5 Rd4 45. Rf5 Kd3 46. Rxf6
Rxg4+ 47. Kh3 Rg1 48. Rb6 Ke2 49. Rxb4 Kxf2 50. Rc4 Kf3 51. Rc3+ Kf4 52. a4
Rh1+ 53. Kg2 Ra1 54. Rc4+ Kf5 55. Rc5+ Kg4 56. Rc4+ Kh5 57. Rc5 Rb1 58. Rb5
Rb2+ 59. Kf3 Rc2 60. a5 Rc3+ 61. Kf2 h3 62. a6 Kh4 63. a7 Rc2+ 64. Kg1 g4 65.
Rb4 Rc1+ 66. Kh2 Rc2+ 67. Kg1 Rc1+ 68. Kh2 Rc2+ {çàïèñü íå ÿñíà} 1/2-1/2

[Event "Ïåðâåíñòâî Ìîñêâû"]
[Site "ÐœÐ¾Ñ�ÐºÐ²Ð°, ÐœÐ“Ð˜ÐœÐž Ð¿Ñ€."]
[Date "2018.11.19"]
[Round "2.2"]
[White "Ïåðîâ Ã"]
[Black "Áåëëþãà Ì"]
[Result "1-0"]
[WhiteElo "2187"]
[BlackElo "1908"]
[PlyCount "79"]
[EventDate "2018.11.18"]

1. e4 c6 2. d4 d5 3. exd5 cxd5 4. c4 Nf6 5. Nc3 Nc6 6. Nf3 e6 7. c5 Be7 8. Bb5
O-O 9. O-O Ne4 10. Re1 Nxc3 11. bxc3 Bd7 12. Bf4 Qa5 13. Bd3 b6 14. Re3 h6 15.
Ne5 Nxe5 16. Bxe5 f6 17. Bf4 e5 18. Bxh6 e4 19. Rg3 Rf7 20. Be2 Bf8 21. Bh5 Re7
22. Bf4 bxc5 23. Bg6 Be8 24. Qh5 Bxg6 25. Qxd5+ Bf7 26. Qxa8 cxd4 27. cxd4 Qb6
28. d5 Qd4 29. Rc1 Bxd5 30. Qd8 e3 31. Bxe3 Qe4 32. h3 Re8 33. Qc7 Qe6 34. Qxa7
Re7 35. Qb6 Qf7 36. Qd8 Rd7 37. Qc8 Be6 38. Qb8 Kh7 39. Bc5 Rb7 40. Qxf8 1-0

[Event "Ïåðâåíñòâî Ìîñêâû"]
[Site "ÐœÐ¾Ñ�ÐºÐ²Ð°, ÐœÐ“Ð˜ÐœÐž Ð¿Ñ€."]
[Date "2018.11.19"]
[Round "2.3"]
[White "Ëóïîëîâ "]
[Black "Êðåòîâ "]
[Result "1/2-1/2"]
[WhiteElo "1879"]
[BlackElo "2152"]
[PlyCount "80"]
[EventDate "2018.11.18"]

1. d4 d5 2. c4 e6 3. Nf3 Nf6 4. Bg5 Be7 5. e3 O-O 6. Nc3 c6 7. Qc2 Nbd7 8. Rc1
a6 9. a3 dxc4 10. Bxc4 b5 11. Bd3 h6 12. Bxf6 Nxf6 13. Ne4 Bb7 14. O-O Nd7 15.
Nfd2 f5 16. Nc5 Bxc5 17. dxc5 Nxc5 18. Qxc5 Qxd3 19. Nf3 Rfd8 20. Ne5 Qd5 21.
Qxd5 Rxd5 22. Nxc6 Bxc6 23. Rxc6 Kf7 24. Rfc1 Rd2 25. R6c2 Rad8 26. Kf1 Ke7 27.
Ke1 Rxc2 28. Rxc2 Rd6 29. Rc7+ Rd7 30. Rc6 Rd6 31. Rc7+ Rd7 32. Rxd7+ Kxd7 33.
Kd2 Kd6 34. Kc3 Kc5 35. f3 e5 36. h4 h5 37. Kd3 Kd5 38. e4+ fxe4+ 39. fxe4+ Kc5
40. b4+ Kd6 1/2-1/2

[Event "Ïåðâåíñòâî Ìîñêâû"]
[Site "ÐœÐ¾Ñ�ÐºÐ²Ð°, ÐœÐ“Ð˜ÐœÐž Ð¿Ñ€."]
[Date "2018.11.19"]
[Round "2.4"]
[White "Æóêîâ"]
[Black "Ïëàêñèí "]
[Result "1-0"]
[WhiteElo "2151"]
[BlackElo "1893"]
[PlyCount "120"]
[EventDate "2018.11.18"]

1. d4 d5 2. c4 c6 3. Nf3 Nf6 4. Nc3 dxc4 5. a4 e6 6. e3 c5 7. Bxc4 cxd4 8. Nxd4
Bb4 9. O-O O-O 10. Qe2 Nc6 11. Nxc6 bxc6 12. Qc2 Bb7 13. Rd1 Qc7 14. Be2 c5 15.
f3 Nd5 16. e4 Nf4 17. Bc4 Rfd8 18. Be3 Qe5 19. Ne2 Nxe2+ 20. Qxe2 Rac8 21. Bf2
Qg5 22. Be3 Qe5 23. Rxd8+ Rxd8 24. Rd1 Qf6 25. e5 Qe7 26. Rd3 Bc6 27. b3 Bd5
28. Qd1 Qb7 29. f4 Ba5 30. Bxc5 Bb6 31. Bxb6 Qxb6+ 32. Kh1 Qf2 33. Bxd5 Rxd5
34. h3 Qxf4 35. Rxd5 exd5 36. Qxd5 h6 37. Qa8+ Kh7 38. Qxa7 Qxe5 39. Qf2 Qc3
40. Qa2 f5 41. Qb1 Kg8 42. Qd1 Kh7 43. Qf3 Qe1+ 44. Kh2 Qe5+ 45. Qg3 f4 46.
Qd3+ Kh8 47. Qf3 Qe6 48. b4 Qc4 49. Qa3 Qc7 50. Kh1 Qe5 51. b5 Qe1+ 52. Kh2 Qe5
53. Qf3 Qc7 54. Kg1 Qa7+ 55. Kh2 Qc7 56. h4 Kg8 57. Qb3+ Kh8 58. b6 Qd8 59. b7
Qb8 60. Kh1 Qe5 1-0

[Event "Ïåðâåíñòâî Ìîñêâû"]
[Site "ÐœÐ¾Ñ�ÐºÐ²Ð°, ÐœÐ“Ð˜ÐœÐž Ð¿Ñ€."]
[Date "2018.11.19"]
[Round "2.5"]
[White "Ñåêîÿí "]
[Black "Øàòóíîâ "]
[Result "1-0"]
[WhiteElo "1817"]
[BlackElo "1967"]
[PlyCount "49"]
[EventDate "2018.11.18"]

1. e4 e6 2. d3 d5 3. Nd2 c5 4. Ngf3 Nf6 5. g3 Nc6 6. Bg2 Be7 7. O-O O-O 8. Re1
b5 9. e5 Nd7 10. Nf1 Bb7 11. h4 c4 12. d4 c3 13. bxc3 Nb6 14. N1h2 Na5 15. Ng5
h6 16. Qh5 Rc8 17. Ng4 hxg5 18. hxg5 Rxc3 19. Bf1 Nac4 20. Bd3 Rxd3 21. cxd3
Na5 22. Kg2 Bxg5 23. Bxg5 f6 24. exf6 gxf6 25. Qg6+ 1-0

[Event "Ïåðâåíñòâî Ìîñêâû"]
[Site "ÐœÐ¾Ñ�ÐºÐ²Ð°, ÐœÐ“Ð˜ÐœÐž Ð¿Ñ€."]
[Date "2018.11.19"]
[Round "2.6"]
[White "Ðîäíèêîâ "]
[Black "Ëóêüÿíåíêî "]
[Result "1/2-1/2"]
[WhiteElo "1416"]
[BlackElo "1921"]
[PlyCount "28"]
[EventDate "2018.11.18"]

1. c4 d6 2. Nc3 g6 3. g3 Bg7 4. Bg2 e5 5. Nf3 Nc6 6. O-O Bf5 7. e4 Bg4 8. h3
Be6 9. d3 h6 10. Be3 Qd7 11. Nd5 f5 12. Nh4 Bxd5 13. cxd5 Nce7 14. exf5 gxf5 {
çàïèñü íå ÿñíà} 1/2-1/2

[Event "Ïåðâåíñòâî Ìîñêâû"]
[Site "ÐœÐ¾Ñ�ÐºÐ²Ð°, ÐœÐ“Ð˜ÐœÐž Ð¿Ñ€."]
[Date "2018.11.19"]
[Round "2.7"]
[White "Áóíèàòÿí "]
[Black "Êóðêèí "]
[Result "1-0"]
[WhiteElo "1827"]
[BlackElo "1556"]
[PlyCount "35"]
[EventDate "2018.11.18"]

1. e4 Nc6 2. Nc3 Nf6 3. d4 e5 4. dxe5 Nxe5 5. f4 Nc6 6. e5 Ng8 7. Bc4 Bb4 8.
Nf3 Nge7 9. Ng5 Nf5 10. Bxf7+ Kf8 11. Qh5 Qe7 12. O-O Ncd4 13. Bg6 Bc5 14. Kh1
Kg8 15. Bxh7+ Kf8 16. Nd5 Ne2 17. Qxe2 Qf7 18. Be3 {Çàïèñü íå ÿñíà} 1-0

[Event "Ïåðâåíñòâî Ìîñêâû"]
[Site "ÐœÐ¾Ñ�ÐºÐ²Ð°, ÐœÐ“Ð˜ÐœÐž Ð¿Ñ€."]
[Date "2018.11.19"]
[Round "2.8"]
[White "Áåëèêîâ "]
[Black "Ïàâëîâ "]
[Result "1/2-1/2"]
[WhiteElo "1959"]
[BlackElo "1511"]
[PlyCount "70"]
[EventDate "2018.11.18"]

1. e4 e6 2. d4 d5 3. Nc3 dxe4 4. Nxe4 Nd7 5. Nf3 Ngf6 6. Bd3 Be7 7. O-O O-O 8.
Re1 b6 9. Ne5 Bb7 10. Bg5 Nxe4 11. Bxe7 Qxe7 12. Bxe4 Bxe4 13. Rxe4 Nxe5 14.
Rxe5 Rfd8 15. c3 Rd5 16. Qf3 Rad8 17. Rae1 c6 18. g3 Rxe5 19. Rxe5 Rd5 20. Rxd5
exd5 21. c4 Qd7 22. cxd5 Qxd5 23. Qxd5 cxd5 24. Kg2 Kf8 25. Kf3 Ke7 26. Kf4 Kf6
27. h4 h6 28. Kg4 Kg6 29. f3 Kf6 30. Kf4 g6 31. Kg4 Ke6 32. Kf4 Kf6 33. Kg4 Ke6
34. Kf4 Kf6 35. Kg4 Ke6 1/2-1/2

[Event "Ïåðâåíñòâî Ìîñêâû"]
[Site "ÐœÐ¾Ñ�ÐºÐ²Ð°, ÐœÐ“Ð˜ÐœÐž Ð¿Ñ€."]
[Date "2018.11.19"]
[Round "2.9"]
[White "Ãîöþê "]
[Black "Øàðàïîâ "]
[Result "1/2-1/2"]
[WhiteElo "1895"]
[BlackElo "1628"]
[PlyCount "80"]
[EventDate "2018.11.18"]

1. d4 d5 2. Nf3 Nf6 3. c4 c6 4. Qc2 e6 5. g3 Bd6 6. Bg2 Nbd7 7. Nbd2 e5 8. dxe5
Nxe5 9. Nxe5 Bxe5 10. cxd5 Nxd5 11. Nc4 Bc7 12. O-O Be6 13. Rd1 Qf6 14. a3
O-O-O 15. Bd2 h5 16. h4 Qg6 17. Qxg6 fxg6 18. Be4 Ne7 19. Bd3 Bf5 20. Bxf5+
gxf5 21. Bc3 Rhg8 22. Rxd8+ Kxd8 23. Rd1+ Kc8 24. e3 Nd5 25. Be5 g5 26. Bxc7
Kxc7 27. hxg5 Rxg5 28. Ne5 a6 29. Nf3 Rg8 30. Nd4 Ne7 31. Kf1 Rg6 32. Ke2 c5
33. Nf3 Rb6 34. Rd2 Ng6 35. Rc2 Rc6 36. Nh4 Nxh4 37. gxh4 Kd6 38. Kf3 Ke5 39.
Rc1 c4 40. Ke2 b5 1/2-1/2

[Event "Ïåðâåíñòâî Ìîñêâû"]
[Site "ÐœÐ¾Ñ�ÐºÐ²Ð°, ÐœÐ“Ð˜ÐœÐž Ð¿Ñ€."]
[Date "2018.11.19"]
[Round "2.10"]
[White "Îðëîâ "]
[Black "Àêîïÿí "]
[Result "1-0"]
[WhiteElo "1872"]
[BlackElo "1524"]
[PlyCount "67"]
[EventDate "2018.11.18"]

1. d4 Nf6 2. Nf3 e6 3. c4 b6 4. Nc3 Bb7 5. a3 d5 6. cxd5 exd5 7. Bg5 Be7 8. e3
O-O 9. Be2 Ne4 10. Bxe7 Qxe7 11. Rc1 Nxc3 12. Rxc3 c6 13. Ne5 f6 14. Nd3 Nd7
15. O-O Rac8 16. Bf3 Ba6 17. Re1 Bxd3 18. Qxd3 f5 19. Rec1 Qd6 20. b4 b5 21.
Qc2 Rf6 22. Rxc6 Rxc6 23. Qxc6 Qxc6 24. Rxc6 Nb6 25. Rc5 Rd6 26. Rxb5 Kf7 27.
Rc5 Ke6 28. Rc7 Rd7 29. Rc6+ Rd6 30. Rc5 g5 31. h3 h6 32. Kf1 Nc4 33. Bxd5+
Rxd5 34. Rxc4 1-0

[Event "Ïåðâåíñòâî Ìîñêâû"]
[Site "ÐœÐ¾Ñ�ÐºÐ²Ð°, ÐœÐ“Ð˜ÐœÐž Ð¿Ñ€."]
[Date "2018.11.19"]
[Round "2.11"]
[White "Ìîðîçîâ"]
[Black "Ãîðíîñòàåâ "]
[Result "1/2-1/2"]
[WhiteElo "1490"]
[BlackElo "1831"]
[PlyCount "81"]
[EventDate "2018.11.18"]

1. e4 c5 2. c3 e6 3. d4 d5 4. e5 Qb6 5. Nf3 Nc6 6. a3 Nh6 7. b4 cxd4 8. cxd4
Nf5 9. Bb2 Bd7 10. Be2 Rc8 11. O-O Na5 12. Nbd2 Be7 13. Rb1 Nc6 14. Nb3 O-O 15.
Qd2 h6 16. h3 a6 17. Rfc1 Na7 18. Rxc8 Rxc8 19. Rc1 Rxc1+ 20. Qxc1 Qc6 21. Qxc6
Nxc6 22. Kf1 Kf8 23. Ke1 Ke8 24. Kd2 Kd8 25. Bc3 Kc7 26. Bb2 Na7 27. Bc3 Nb5
28. Bb2 Na7 29. Bc3 Nc8 30. Nc5 Nb6 31. Kc2 Nh4 32. Nxh4 Bxh4 33. g3 Be7 34.
Nxd7 Nxd7 35. Kb3 b5 36. a4 Kc6 37. a5 Nf8 38. Bd3 f6 39. f4 f5 40. Be2 g6 41.
h4 1/2-1/2

[Event "Ïåðâåíñòâî Ìîñêâû"]
[Site "ÐœÐ¾Ñ�ÐºÐ²Ð°, ÐœÐ“Ð˜ÐœÐž Ð¿Ñ€."]
[Date "2018.11.19"]
[Round "2.12"]
[White "Ãîëûöèí "]
[Black "Øëûêîâ "]
[Result "0-1"]
[WhiteElo "1283"]
[BlackElo "1826"]
[PlyCount "53"]
[EventDate "2018.11.18"]

1. d4 Nf6 2. Bf4 g6 3. e3 Bg7 4. Nf3 O-O 5. Bd3 d6 6. h3 Nbd7 7. Nbd2 b6 8. O-O
Bb7 9. Re1 Re8 10. Nc4 c5 11. a4 a6 12. Bf1 Ne4 13. Nfd2 Nxd2 14. Qxd2 d5 15.
Ne5 Nxe5 16. Bxe5 Bxe5 17. dxe5 Qc7 18. f4 Rad8 19. c3 f6 20. exf6 exf6 21.
Rad1 Re4 22. b3 Rde8 23. Bd3 R4e7 24. b4 Qd7 25. Bc2 Kg7 26. e4 Qd6 27. exd5 {
çàïèñü íå ÿñíà} 0-1